[Event "GRE-chT 43rd"]
[Site "Porto Rio"]
[Date "2015.10.08"]
[Round "2.4"]
[White "Drakaki, Anna Maria"]
[Black "Gratsea, Ekaterini"]
[Result "1-0"]
[WhiteElo "1876"]
[BlackElo "1724"]
[PlyCount "53"]
[EventDate "2015.10.08"]
[EventType "team-swiss"]
[EventRounds "7"]
[EventCountry "GRE"]
[SourceTitle "CBM 168 Extra"]
[Source "ChessBase"]
[SourceDate "2015.10.29"]
[SourceVersion "1"]
[SourceVersionDate "2015.10.29"]
[SourceQuality "1"]
[WhiteTeam "Nice Fysiolatris"]
[BlackTeam "OFI"]
[WhiteTeamCountry "GRE"]
[BlackTeamCountry "GRE"]

1. d4 Nf6 2. c4 g6 3. Nc3 Bg7 4. Nf3 0-0 5. Bf4 Nh5 6. Bg3 d6 7. e3 Na6 8. Be2 c6 9. Bh4 f5 10. Nd2 Nf6 11. 0-0 e5 12. Nf3 Qe7 13. Re1 h6 14. c5 e4 15. cxd6 Qxd6 16. Ne5 Nd7 17. Nc4 Qe6 18. Bg3 Nf6 19. Ne5 Nd5 20. Bxa6 bxa6 21. Na4 Bxe5 22. Bxe5 Qf7 23. Qd2 Re8 24. Rac1 Rxe5 25. dxe5 Bb7 26. Nc5 Re8 27. Qd4 1-0

[Event "GRE-ch U18 Girls"]
[Site "Nikaia"]
[Date "2012.01.07"]
[Round "7"]
[White "Louka, Magdalini"]
[Black "Gratsea, Ekaterini"]
[Result "0-1"]
[WhiteElo "1010"]
[BlackElo "1793"]
[PlyCount "22"]
[EventDate "2012.01.03"]
[EventType "swiss"]
[EventRounds "9"]
[EventCountry "GRE"]
[SourceTitle "CBM 146 Extra"]
[Source "ChessBase"]
[SourceDate "2012.02.29"]
[SourceVersion "1"]
[SourceVersionDate "2012.02.29"]
[SourceQuality "1"]

1. e4 c5 2. c3 Nf6 3. Qf3 Nc6 4. Ne2 Qa5 5. g3 Ne5 6. Qg2 Nd3+ 7. Kd1 Nxe4 8. Rg1 Nexf2+ 9. Kc2 Ne1+ 10. Kb3 Qb5+ 11. Ka3 Nc2# 0-1

[Event "GRE-ch U18 Girls"]
[Site "Nikaia"]
[Date "2012.01.03"]
[Round "1"]
[White "Pramateftaki, Aspasia"]
[Black "Gratsea, Ekaterini"]
[Result "0-1"]
[WhiteElo "1363"]
[BlackElo "1793"]
[PlyCount "108"]
[EventDate "2012.01.03"]
[EventType "swiss"]
[EventRounds "9"]
[EventCountry "GRE"]
[SourceTitle "CBM 146 Extra"]
[Source "ChessBase"]
[SourceDate "2012.02.29"]
[SourceVersion "1"]
[SourceVersionDate "2012.02.29"]
[SourceQuality "1"]

1. e4 c5 2. Nf3 d6 3. Bb5+ Nd7 4. d4 cxd4 5. Nxd4 Ngf6 6. Nc3 a6 7. Bxd7+ Bxd7 8. Bg5 e6 9. Qd2 h6 10. Bh4 g5 11. Bg3 Nh5 12. Nb3 Nxg3 13. fxg3 b5 14. Rf1 Qb6 15. Qf2 Qxf2+ 16. Rxf2 Bg7 17. Rf3 b4 18. Nd1 0-0 19. c3 Bc6 20. Nf2 bxc3 21. bxc3 d5 22. exd5 Bxd5 23. Rd3 Bxg2 24. Rad1 Rac8 25. Rc1 Bd5 26. h4 Rc7 27. Nd1 Rfc8 28. hxg5 hxg5 29. g4 Rc4 30. Kd2 Rxg4 31. Ne3 Rg3 32. Nxd5 Rxd3+ 33. Kxd3 exd5 34. c4 dxc4+ 35. Rxc4 Rxc4 36. Kxc4 Bf8 37. Kd3 Bd6 38. Ke4 Kg7 39. Nd4 Kg6 40. Kf3 f5 41. Ne2 g4+ 42. Kg2 f4 43. Kf2 Be5 44. a3 f3 45. Ng1 Bd4+ 46. Kf1 Bxg1 47. Kxg1 Kf5 48. a4 g3 49. a5 Ke4 50. Kf1 Ke3 51. Kg1 Ke2 52. Kh1 g2+ 53. Kg1 f2+ 54. Kh2 g1Q+ 0-1

[Event "GRE-ch U16 Girls"]
[Site "Eretria"]
[Date "2011.06.28"]
[Round "4.4"]
[White "Fahantidou, Athina Mikaela"]
[Black "Gratsea, Ekaterini"]
[Result "0-1"]
[WhiteElo "1466"]
[BlackElo "1768"]
[PlyCount "106"]
[EventDate "2011.06.25"]
[EventType "swiss"]
[EventRounds "7"]
[EventCountry "GRE"]
[SourceTitle "EXT 2024"]
[Source "ChessBase"]
[SourceDate "2023.10.10"]
[SourceVersion "1"]
[SourceVersionDate "2023.10.10"]
[SourceQuality "1"]

1. d4 Nf6 2. c4 g6 3. Nc3 Bg7 4. e4 d6 5. Nf3 0-0 6. Be3 e5 7. dxe5 dxe5 8. Qxd8 Rxd8 9. Nd5 Nxd5 10. cxd5 b6 11. Bc4 Bb7 12. 0-0-0 Rd6 13. Kb1 Na6 14. Nd2 f5 15. f3 Rad8 16. Bg5 Rc8 17. Bb5 Bf6 18. Bxf6 Rxf6 19. Nc4 fxe4 20. fxe4 Nc5 21. Nxe5 Nxe4 22. Bd7 Rd8 23. Be6+ Kg7 24. Rde1 Nc5 25. Ng4 Rf4 26. Ne3 Nxe6 27. dxe6 Re4 28. Nc2 c5 29. Rhf1 Rxe1+ 30. Nxe1 Be4+ 31. Nc2 Bf5 32. Re1 Re8 33. e7 Kf7 34. Rf1 Kxe7 35. Re1+ Kd7 36. Rxe8 Kxe8 37. Kc1 Bxc2 38. Kxc2 Kd7 39. Kc3 Kd6 40. Kc4 a6 41. a3 b5+ 42. Kc3 Kd5 43. b3 a5 44. Kd3 g5 45. h3 h5 46. g3 h4 47. g4 Ke5 48. a4 bxa4 49. bxa4 Kf4 50. Kc4 Kg3 51. Kxc5 Kxh3 52. Kb5 Kxg4 53. Kxa5 h3 0-1

[Event "Heraklion op 6th"]
[Site "Heraklion"]
[Date "2010.08.22"]
[Round "1"]
[White "Gratsea, Ekaterini"]
[Black "Aggelis, Nikolaos"]
[Result "0-1"]
[WhiteElo "1175"]
[BlackElo "2340"]
[PlyCount "32"]
[EventDate "2010.08.22"]
[EventType "swiss"]
[EventRounds "9"]
[EventCountry "GRE"]
[SourceTitle "CBM 138 Extra"]
[Source "ChessBase"]
[SourceDate "2010.10.29"]
[SourceVersion "1"]
[SourceVersionDate "2010.10.29"]
[SourceQuality "1"]

1. d4 Nf6 2. c4 g6 3. Nc3 d5 4. cxd5 Nxd5 5. e4 Nxc3 6. bxc3 Bg7 7. Nf3 0-0 8. Bc4 c5 9. 0-0 Nc6 10. Bb2 cxd4 11. Nxd4 Qc7 12. Qc2 Bd7 13. Rad1 Rfd8 14. Kh1 Rac8 15. Nb5 Qb6 16. f4 Na5 0-1